[Event "Armstrong Cup 1718"]
[Site "Curragh"]
[Date "2018.01.20"]
[Round "7.3"]
[White "Quigley, Colm"]
[Black "Loughman, Stephen"]
[Result "1-0"]
[WhiteElo "1946"]
[BlackElo "1877"]
[PlyCount "108"]
[EventDate "2017.09.16"]
[EventType "team-tourn"]
[EventRounds "11"]
[EventCountry "IRL"]
[SourceTitle "EXT 2023"]
[Source "ChessBase"]
[SourceDate "2022.10.05"]
[SourceVersion "1"]
[SourceVersionDate "2022.10.05"]
[SourceQuality "1"]
[WhiteTeam "Kilkenny"]
[BlackTeam "Curragh"]
[WhiteTeamCountry "IRL"]
[BlackTeamCountry "IRL"]

1. d4 d5 2. c4 e6 3. Nc3 Nf6 4. Bg5 Nbd7 5. Nf3 Be7 6. e3 0-0 7. Rc1 c6 8. Bd3 a6 9. c5 b5 10. cxb6 Qxb6 11. Qc2 h6 12. Bf4 c5 13. b3 cxd4 14. exd4 Bb7 15. 0-0 Rac8 16. Qe2 Qa5 17. Bd2 Bb4 18. Na4 Bxd2 19. Qxd2 Qxd2 20. Nxd2 Rxc1 21. Rxc1 Rc8 22. Rxc8+ Bxc8 23. Nc5 Nxc5 24. dxc5 Nd7 25. b4 Ne5 26. Be2 Kf8 27. f3 Ke7 28. Kf2 Kd7 29. Nb3 Kc7 30. a4 Bd7 31. b5 axb5 32. axb5 Nc4 33. b6+ Nxb6 34. cxb6+ Kxb6 35. f4 f6 36. Bg4 f5 37. Be2 g5 38. Ke3 Kc7 39. g3 Kd6 40. Kd4 Ba4 41. Nc5 Bc6 42. Ba6 Be8 43. Bc8 Bf7 44. Bd7 g4 45. Bc8 Bg8 46. Bd7 Bf7 47. Bb5 h5 48. Ba4 Bg6 49. Nd3 Bh7 50. Be8 Ke7 51. Bxh5 Kf6 52. Kc5 Ke7 53. Ne5 Bg8 54. Bg6 Kf6 1-0